000 00627nam a2200181 a 4500
001 000041754
005 20201002035733.0
008 131023s1995 sp 000 0 spa d
020 _a8400074815
100 1 _aNarotzky, Susana
_968605
245 1 4 _aMujer, mujeres, género :
_buna aproximación crítica al estudio de las mujeres en las Ciencias Sociales /
_cSusana Narotzky.
260 _aMadrid :
_bCSIC.,
_c1995.
300 _a197 p. :
_bil. ;
_c21 cm.
490 1 _aMonografías
_v14
710 2 _aConsejo Superior de Investigaciones Científicas (España)
_915178
830 0 _aMonografías
_v14
_915334
999 _c41243
_d41243
040 _aDO-SdBNP